| 000 | 00435cam a2200157ua 4500 | ||
|---|---|---|---|
| 003 | OSt | ||
| 008 | 250812b |||||||| |||| 00| 0 eng d | ||
| 020 | _a0444 11093 3 | ||
| 041 | _aeng | ||
| 082 |
_a627.01 _bVAN/ST |
||
| 100 |
_aVansteenkiste, G C . _97695 |
||
| 245 | _aSystem simulation in water resources,Part l, ll ,lll,lV,V / | ||
| 260 |
_aNewyork : _bNorth Holland publishing co. , _c1976. |
||
| 300 | _a417 ; . | ||
| 942 | _cBK | ||
| 999 |
_c2724 _d2724 |
||